Provincias españolas que comienzan con A - Estadísticas

Estadísticas generales
  • Esta prueba ha sido intentada 5.560 veces
  • La puntuación promedio es 5 de 6
Estadísticas de respuestas
Provincia % Correcto
Asturias
87%
Almería
84%
Alicante
80%
Álava
76%
Albacete
75%
Ávila
73%
No se encontraron pruebas coincidentes
Distribución de puntuación
Porcentaje de gente con cada puntuación
Porcentaje por número respondido
Historial de tus puntuaciones
No has intentado esta prueba.